Coração (Registo nº 768)

Detalhes MARC
000 -Etiqueta do registo
Cabeçalho 00773nam0a2200265 4500
005 - Identificador da versão
Campo de controlo 20240813121814.0
010 ## - Número internacional normalizado dos livros (ISBN)
Número (ISBN) 9722012924
021 ## - Número do Depósito Legal
Código do país PT
Número 92 186/95
100 ## - Dados gerais de processamento
Dados gerais de processamento 20160613d1996 a e0pory5003 ba
102 ## - Pais de publicação ou produção
País de publicação Portugal
101 1# - Língua de publicação
Língua do texto, banda sonora, etc. Português
Língua do documento no original Italiano
215 ## - Descrição física 
Indicação específica da natureza do documento e extensão da espécie 321, [1] p.
Outras indicações físicas il
200 1# - Titulo e menção de responsabilidade
Título próprio Coração
Primeira menção de responsabilidade Edmondo de Amicis
Outras menções de responsabilidade trad. de Artur Guerra
225 2# - Colecção 
Título próprio da colecção Biblioteca juvenil Dom Quixote
Indicação de volume 11
205 ## - Menção da edição
Menção da edição 1ª ed.
210 ## - Publicação, Distribuição, etc. 
Lugar da edição, distribuição, etc. Lisboa
Nome do editor, distribuidor, etc. Dom Quixote
Data da publicação, distribuição, etc. 1996
606 ## - Nome comum usado como assunto
Número de registo de entrada de autoridade 0002963
Palavra de ordem Literatura italiana
Subdivisão de assunto Diários íntimos
Código do sistema CA
675 ## - Classificação Decimal Universal (CDU)
Notação 821.131.1-94
Edição 3ª ed.
Língua da edição por
702 #1 - Nome de autor-pessoa física (responsabilidade secundária)
Número de registo de entrada de autoridade 0002979
Palavra de ordem Guerra
Outra parte do nome não tomada para palavra de ordem Artur
Código de função Tradutor
700 #1 - Nome de autor-pessoa física (responsabilidade principal)
Número de registo de entrada de autoridade 0002978
Palavra de ordem Amicis
Outra parte do nome não tomada para palavra de ordem Edmondo de
Datas 1846-1908
966 ## - Identificação da Biblioteca
Sigla EB2,3ENM
942 ## - Elementos de entrada adicionados (Koha)
Tipo de item no Koha Livro
Exemplares
Situação do levantamento Origin of item (home branch) (coded) Biblioteca de empréstimo Código de barras Cota Circulation type (not for loan) Tipo de documento Nota do exemplar Damaged status
  Biblioteca Escolar Eng. Nuno Mergulhão Biblioteca Escolar Eng. Nuno Mergulhão BENM1483 82LE-9 AMI   Livro Sem mensagem